[Event "Rapid 2018"]
[Site "Saint-Petersburg"]
[Date "2018.12.28"]
[Round "12"]
[Board "85"]
[White "Tsoi Dmitry (RUS)"]
[Black "Lintchevski Daniil (RUS)"]
[Result "0-1"]
[LiveChessVersion "1.4.8"]
[BlackElo "2603"]
[WhiteElo "2381"]

1. e4 {[%clk 0:15:18]} c5 {[%clk 0:15:18]} 2. Be2 {[%clk 0:15:27]} e5
{[%clk 0:15:00]} 3. d3 {[%clk 0:15:22]} Bd6 {[%clk 0:13:04]} 4. Nh3
{[%clk 0:12:34]} Bc7 {[%clk 0:13:10]} 5. Nc3 {[%clk 0:11:06]} Ne7
{[%clk 0:13:08]} 6. Bg5 {[%clk 0:10:38]} Ba5 {[%clk 0:12:19]} 7. O-O
{[%clk 0:07:25]} Bxc3 {[%clk 0:12:26]} 8. bxc3 {[%clk 0:07:34]} Nbc6
{[%clk 0:11:47]} 9. f4 {[%clk 0:06:49]} h6 {[%clk 0:11:49]} 10. Bxe7
{[%clk 0:06:51]} Qxe7 {[%clk 0:11:56]} 11. f5 {[%clk 0:06:55]} f6
{[%clk 0:10:35]} 12. Bh5+ {[%clk 0:06:43]} Kd8 {[%clk 0:10:44]} 13. c4
{[%clk 0:06:39]} b6 {[%clk 0:10:42]} 14. Nf2 {[%clk 0:06:42]} Bb7
{[%clk 0:10:34]} 15. Ng4 {[%clk 0:06:33]} Kc7 {[%clk 0:10:17]} 16. Ne3 Na5 17.
Rb1 {[%clk 0:06:33]} Bc6 {[%clk 0:10:10]} 18. Bg6 {[%clk 0:06:24]} Rab8
{[%clk 0:10:10]} 19. Qh5 {[%clk 0:06:28]} Rhf8 {[%clk 0:10:05]} 20. Rb2
{[%clk 0:05:46]} Qd6 {[%clk 0:09:45]} 21. Rbb1 {[%clk 0:04:56]} Qe7
{[%clk 0:09:53]} 22. Kf2 {[%clk 0:04:52]} a6 {[%clk 0:09:56]} 23. Qe2
{[%clk 0:04:47]} Qd6 {[%clk 0:09:35]} 24. Qe1 {[%clk 0:03:31]} Nb7
{[%clk 0:08:37]} 25. Qc3 {[%clk 0:03:28]} b5 {[%clk 0:08:37]} 26. a3
{[%clk 0:02:47]} Qd4 {[%clk 0:08:27]} 27. Qb2 {[%clk 0:02:22]} Nd6
{[%clk 0:07:56]} 28. cxb5 {[%clk 0:02:08]} Rxb5 {[%clk 0:07:37]} 29. Qxd4
{[%clk 0:01:46]} cxd4 {[%clk 0:07:45]} 30. Ng4 {[%clk 0:01:53]} Rfb8
{[%clk 0:07:40]} 31. Rxb5 {[%clk 0:02:02]} Rxb5 {[%clk 0:07:49]} 32. Kg3
{[%clk 0:01:45]} Rc5 {[%clk 0:07:30]} 33. Rf2 {[%clk 0:01:11]} Bxe4
{[%clk 0:07:27]} 34. Kh4 {[%clk 0:00:57]} Bc6 {[%clk 0:07:35]} 35. Bh7
{[%clk 0:00:21]} e4 {[%clk 0:07:34]} 36. dxe4 {[%clk 0:00:12]} Bxe4
{[%clk 0:07:42]} 37. Rd2 {[%clk 0:00:20]} Bxf5 {[%clk 0:07:35]} 38. Bxf5
{[%clk 0:00:25]} Nxf5+ {[%clk 0:07:40]} 39. Kh3 {[%clk 0:00:24]} Rc3+
{[%clk 0:07:36]} 40. g3 {[%clk 0:00:33]} Rxa3 {[%clk 0:07:29]} 41. Nf2
{[%clk 0:00:42]} a5 {[%clk 0:07:08]} 42. Kg4 {[%clk 0:00:14]} Ne3+
{[%clk 0:06:46]} 43. Kh5 {[%clk 0:00:23]} Rc3 {[%clk 0:06:21]} 44. Rxd4
{[%clk 0:00:30]} Rxc2 {[%clk 0:06:28]} 45. Ne4 {[%clk 0:00:12]} Rc4
{[%clk 0:06:23]} 46. Rxc4+ {[%clk 0:00:21]} Nxc4 {[%clk 0:06:32]} 47. Nc3
{[%clk 0:00:30]} Ne5 {[%clk 0:06:28]} 48. g4 {[%clk 0:00:20]} Kc6
{[%clk 0:06:34]} 49. h4 {[%clk 0:00:28]} d5 {[%clk 0:06:36]} 50. g5
{[%clk 0:00:38]} hxg5 {[%clk 0:06:44]} 51. hxg5 {[%clk 0:00:46]} fxg5
{[%clk 0:06:48]} 0-1

[Event "Rapid 2018"]
[Site "Saint-Petersburg"]
[Date "2018.12.28"]
[Round "12"]
[Board "86"]
[White "Zablotsky Sergei (RUS)"]
[Black "Hirneise Jens (GER)"]
[Result "0-1"]
[LiveChessVersion "1.4.8"]
[BlackElo "2355"]
[WhiteElo "2542"]

1. d4 {[%clk 0:15:18]} Nf6 {[%clk 0:15:19]} 2. c4 {[%clk 0:15:25]} g6
{[%clk 0:15:27]} 3. Nc3 {[%clk 0:15:31]} Bg7 {[%clk 0:15:36]} 4. e4
{[%clk 0:15:38]} d6 {[%clk 0:15:45]} 5. h3 {[%clk 0:15:44]} O-O {[%clk 0:15:52]}
6. Nf3 {[%clk 0:15:52]} e5 {[%clk 0:15:57]} 7. d5 {[%clk 0:15:58]} a5
{[%clk 0:16:04]} 8. g4 {[%clk 0:16:02]} Na6 {[%clk 0:16:01]} 9. Be3
{[%clk 0:16:08]} Nd7 {[%clk 0:15:26]} 10. a3 {[%clk 0:14:52]} Nac5
{[%clk 0:14:02]} 11. Rg1 {[%clk 0:14:02]} a4 {[%clk 0:13:17]} 12. h4
{[%clk 0:13:21]} Nb3 {[%clk 0:11:16]} 13. Rb1 {[%clk 0:13:25]} Ndc5
{[%clk 0:09:45]} 14. h5 {[%clk 0:13:18]} gxh5 {[%clk 0:09:08]} 15. gxh5
{[%clk 0:12:51]} Kh8 {[%clk 0:09:17]} 16. h6 {[%clk 0:12:37]} Bf6
{[%clk 0:09:26]} 17. Ng5 {[%clk 0:12:24]} Qe7 {[%clk 0:08:07]} 18. Qh5
{[%clk 0:12:26]} Nd4 {[%clk 0:07:19]} 19. Kd1 {[%clk 0:11:18]} Bd7
{[%clk 0:07:03]} 20. Rg3 {[%clk 0:10:25]} Be8 {[%clk 0:06:14]} 21. Bh3
{[%clk 0:10:04]} Bxg5 {[%clk 0:05:31]} 22. Qxg5 {[%clk 0:10:10]} Qxg5
{[%clk 0:05:39]} 23. Bxg5 {[%clk 0:09:09]} f6 {[%clk 0:05:42]} 24. Be3
{[%clk 0:07:13]} Bg6 {[%clk 0:05:49]} 25. f3 {[%clk 0:04:19]} f5 {[%clk 0:05:57]}
26. Bxd4 {[%clk 0:04:16]} exd4 {[%clk 0:05:44]} 27. exf5 {[%clk 0:04:24]} dxc3
{[%clk 0:04:52]} 28. fxg6 {[%clk 0:04:26]} hxg6 {[%clk 0:05:00]} 29. bxc3
{[%clk 0:04:13]} Kh7 {[%clk 0:04:19]} 30. Kd2 {[%clk 0:03:48]} Rae8
{[%clk 0:03:57]} 31. Be6 {[%clk 0:01:52]} Rf6 {[%clk 0:03:48]} 32. Rbg1
{[%clk 0:01:19]} Nxe6 {[%clk 0:03:34]} 33. dxe6 {[%clk 0:01:15]} Rfxe6
{[%clk 0:03:25]} 34. f4 {[%clk 0:00:58]} Rf8 {[%clk 0:03:30]} 35. Re3
{[%clk 0:00:50]} Rxe3 {[%clk 0:02:21]} 36. Kxe3 {[%clk 0:00:58]} Rf5
{[%clk 0:02:22]} 37. Rh1 {[%clk 0:00:17]} b5 {[%clk 0:02:00]} 38. cxb5
{[%clk 0:00:18]} Rxb5 {[%clk 0:02:09]} 39. Kd4 {[%clk 0:00:21]} Rb3
{[%clk 0:01:57]} 40. Re1 {[%clk 0:00:12]} Kxh6 {[%clk 0:02:02]} 41. Re7
{[%clk 0:00:21]} Rxa3 {[%clk 0:01:42]} 42. Rxc7 {[%clk 0:00:30]} Ra1
{[%clk 0:01:49]} 43. Kc4 {[%clk 0:00:21]} Rf1 {[%clk 0:01:50]} 44. Rf7
{[%clk 0:00:19]} Kh5 {[%clk 0:01:50]} 45. Kb4 {[%clk 0:00:24]} Kg4
{[%clk 0:01:56]} 46. Rd7 {[%clk 0:00:20]} Rxf4+ {[%clk 0:02:04]} 47. c4
{[%clk 0:00:28]} Rf6 {[%clk 0:01:56]} 48. Kxa4 {[%clk 0:00:35]} Kf5
{[%clk 0:01:47]} 49. Kb5 {[%clk 0:00:42]} g5 {[%clk 0:01:51]} 50. Kc6
{[%clk 0:00:47]} g4 {[%clk 0:01:59]} 51. Kd5 {[%clk 0:00:37]} g3 {[%clk 0:02:02]}
52. Rg7 {[%clk 0:00:45]} Kf4 {[%clk 0:01:58]} 0-1

[Event "Rapid 2018"]
[Site "Saint-Petersburg"]
[Date "2018.12.28"]
[Round "12"]
[Board "87"]
[White "Ovchinnikov Vsevolod (RUS)"]
[Black "Belozerov Andrei (RUS)"]
[Result "1/2-1/2"]
[BlackElo "2511"]
[WhiteElo "2330"]
[LiveChessVersion "1.4.8"]

1. d4 {[%clk 0:15:18]} d5 {[%clk 0:15:20]} 2. c4 c6 3. Nf3 {[%clk 0:15:35]} Nf6
{[%clk 0:15:39]} 4. g3 {[%clk 0:15:42]} dxc4 {[%clk 0:15:42]} 5. Bg2
{[%clk 0:15:46]} g6 {[%clk 0:15:51]} 6. a4 {[%clk 0:15:22]} Bg7 {[%clk 0:15:57]}
7. O-O {[%clk 0:15:23]} O-O {[%clk 0:16:00]} 8. Na3 {[%clk 0:15:29]} Be6
{[%clk 0:15:51]} 9. Ng5 {[%clk 0:15:37]} Bd5 {[%clk 0:14:24]} 10. e4
{[%clk 0:15:43]} h6 {[%clk 0:14:34]} 11. exd5 {[%clk 0:15:51]} hxg5
{[%clk 0:14:42]} 12. dxc6 {[%clk 0:16:00]} Nxc6 {[%clk 0:14:51]} 13. Nxc4
{[%clk 0:13:12]} Qxd4 {[%clk 0:14:34]} 14. Qxd4 {[%clk 0:10:44]} Nxd4
{[%clk 0:14:42]} 15. Bxg5 {[%clk 0:10:52]} Rac8 {[%clk 0:14:37]} 16. Na3
{[%clk 0:10:10]} Nc2 {[%clk 0:12:48]} 17. Rac1 {[%clk 0:05:18]} Nxa3
{[%clk 0:11:44]} 18. bxa3 {[%clk 0:05:27]} b6 {[%clk 0:11:47]} 19. Bb7
{[%clk 0:05:23]} Rxc1 {[%clk 0:08:17]} 20. Rxc1 {[%clk 0:05:31]} Rd8
{[%clk 0:08:25]} 21. Rc7 {[%clk 0:03:53]} Nd5 {[%clk 0:06:40]} 22. Bxd5
{[%clk 0:02:38]} Rxd5 {[%clk 0:06:49]} 23. Bxe7 {[%clk 0:02:46]} Bd4
{[%clk 0:04:11]} 24. Kg2 {[%clk 0:01:49]} a6 {[%clk 0:03:02]} 25. Rc8+
{[%clk 0:00:36]} Kg7 {[%clk 0:03:06]} 26. Rc4 {[%clk 0:00:17]} Bc5
{[%clk 0:01:16]} 27. Bxc5 {[%clk 0:00:26]} bxc5 {[%clk 0:01:25]} 28. a5
{[%clk 0:00:34]} Kf6 {[%clk 0:01:25]} 29. Kf3 {[%clk 0:00:39]} Ke5
{[%clk 0:01:11]} 30. Ke2 {[%clk 0:00:23]} Kd6 {[%clk 0:01:09]} 31. Rc1
{[%clk 0:00:16]} Re5+ {[%clk 0:00:32]} 32. Kd3 {[%clk 0:00:19]} Kd5
{[%clk 0:00:40]} 33. Rb1 {[%clk 0:00:12]} c4+ {[%clk 0:00:40]} 34. Kc3
{[%clk 0:00:19]} Re2 {[%clk 0:00:37]} 35. Rb6 {[%clk 0:00:12]} Rxf2
{[%clk 0:00:38]} 36. Rxa6 {[%clk 0:00:20]} Rf3+ {[%clk 0:00:41]} 37. Kb2
{[%clk 0:00:17]} Rf2+ {[%clk 0:00:34]} 38. Kc3 {[%clk 0:00:25]} Rf3+
{[%clk 0:00:43]} 39. Kb2 {[%clk 0:00:33]} Rb3+ {[%clk 0:00:52]} 40. Ka2
{[%clk 0:00:15]} Rb5 {[%clk 0:01:00]} 41. Ra8 {[%clk 0:00:13]} c3
{[%clk 0:01:07]} 42. Rc8 {[%clk 0:00:16]} Kd4 {[%clk 0:01:13]} 43. a6
{[%clk 0:00:18]} Rb2+ {[%clk 0:00:58]} 44. Ka1 {[%clk 0:00:27]} Rb3
{[%clk 0:01:07]} 45. Ka2 {[%clk 0:00:34]} Rb2+ {[%clk 0:01:17]} 46. Ka1
{[%clk 0:00:42]} Rb3 {[%clk 0:01:26]} 47. Ka2 {[%clk 0:00:51]} Rb2+
{[%clk 0:01:35]} 48. Ka1 {[%clk 0:01:00]} Rb3 {[%clk 0:01:27]} 49. Ka2
{[%clk 0:00:54]} Rb2+ {[%clk 0:01:36]} 50. Ka1 {[%clk 0:00:44]} Rb3
{[%clk 0:01:45]} 51. Ka2 {[%clk 0:00:52]} 1/2-1/2

[Event "Rapid 2018"]
[Site "Saint-Petersburg"]
[Date "2018.12.28"]
[Round "12"]
[Board "88"]
[White "Sanikidze Tornike (GEO)"]
[Black "Pogosyan Stefan (RUS)"]
[Result "0-1"]
[BlackElo "2353"]
[WhiteElo "2483"]
[LiveChessVersion "1.4.8"]

1. d4 {[%clk 0:15:17]} Nf6 {[%clk 0:15:06]} 2. c4 {[%clk 0:15:25]} e6
{[%clk 0:15:15]} 3. Nf3 {[%clk 0:15:32]} b6 {[%clk 0:15:19]} 4. a3
{[%clk 0:15:40]} Bb7 {[%clk 0:15:20]} 5. Nc3 {[%clk 0:15:48]} d5 {[%clk 0:15:29]}
6. cxd5 {[%clk 0:15:56]} exd5 {[%clk 0:15:33]} 7. Qc2 {[%clk 0:16:04]} Nbd7
{[%clk 0:15:37]} 8. Bf4 {[%clk 0:16:04]} a6 {[%clk 0:15:46]} 9. e3
{[%clk 0:16:04]} Be7 {[%clk 0:15:22]} 10. Bd3 {[%clk 0:16:12]} O-O
{[%clk 0:15:26]} 11. O-O {[%clk 0:16:20]} c5 {[%clk 0:15:22]} 12. Rad1
{[%clk 0:16:10]} Rc8 {[%clk 0:14:35]} 13. Ne5 {[%clk 0:16:14]} g6
{[%clk 0:13:37]} 14. Bh6 {[%clk 0:15:31]} Re8 {[%clk 0:13:30]} 15. f4
{[%clk 0:15:40]} Bf8 {[%clk 0:06:14]} 16. Bg5 {[%clk 0:15:19]} Qc7
{[%clk 0:05:27]} 17. f5 {[%clk 0:15:15]} Rxe5 {[%clk 0:04:06]} 18. dxe5
{[%clk 0:14:39]} Qxe5 {[%clk 0:04:14]} 19. Bf4 {[%clk 0:14:33]} Qe7
{[%clk 0:04:23]} 20. fxg6 {[%clk 0:14:37]} hxg6 {[%clk 0:04:03]} 21. Qf2
{[%clk 0:13:44]} Bg7 {[%clk 0:02:53]} 22. Bg5 {[%clk 0:13:42]} Qe6
{[%clk 0:02:58]} 23. Bb1 {[%clk 0:11:07]} Ng4 {[%clk 0:01:51]} 24. Qg3
{[%clk 0:11:07]} Nge5 {[%clk 0:01:56]} 25. Ba2 {[%clk 0:10:09]} c4
{[%clk 0:01:14]} 26. Ne2 {[%clk 0:10:05]} Nc5 {[%clk 0:00:49]} 27. Nf4
{[%clk 0:09:56]} Qd7 {[%clk 0:00:33]} 28. Bb1 {[%clk 0:10:02]} Qg4
{[%clk 0:00:13]} 29. Nxd5 {[%clk 0:08:41]} Bxd5 {[%clk 0:00:19]} 30. Qxg4
{[%clk 0:04:35]} Nxg4 {[%clk 0:00:28]} 31. Rxd5 {[%clk 0:04:42]} Bxb2
{[%clk 0:00:34]} 32. h3 {[%clk 0:04:41]} Ne5 {[%clk 0:00:33]} 33. Bf6
{[%clk 0:04:28]} Ned3 {[%clk 0:00:18]} 34. Bd4 {[%clk 0:00:29]} Bxd4
{[%clk 0:00:14]} 35. exd4 {[%clk 0:00:27]} Ne4 {[%clk 0:00:21]} 36. Rd7
{[%clk 0:00:36]} f5 {[%clk 0:00:27]} 37. g4 {[%clk 0:00:34]} Nd2 {[%clk 0:00:26]}
38. Rd1 {[%clk 0:00:23]} Nxb1 {[%clk 0:00:32]} 39. Rxb1 c3 40. gxf5
{[%clk 0:00:12]} c2 {[%clk 0:00:50]} 41. Rf1 {[%clk 0:00:12]} gxf5
{[%clk 0:00:55]} 42. d5 {[%clk 0:00:15]} c1=Q {[%clk 0:00:59]} 43. Rxc1
{[%clk 0:00:23]} Rxc1+ {[%clk 0:01:08]} 44. Kg2 {[%clk 0:00:32]} Kf8
{[%clk 0:01:05]} 45. d6 {[%clk 0:00:36]} Ke8 {[%clk 0:01:05]} 46. Rb7
{[%clk 0:00:40]} Rc6 {[%clk 0:01:12]} 47. h4 {[%clk 0:00:35]} Rxd6
{[%clk 0:01:19]} 48. Kf3 {[%clk 0:00:44]} Kf8 {[%clk 0:01:19]} 49. h5
{[%clk 0:00:52]} Kg8 {[%clk 0:01:28]} 50. a4 {[%clk 0:00:59]} Nc5
{[%clk 0:01:32]} 51. Ra7 {[%clk 0:01:08]} Nxa4 {[%clk 0:01:39]} 52. Kf4
{[%clk 0:01:18]} Nc5 {[%clk 0:01:44]} 53. Kg5 {[%clk 0:01:20]} Rd7
{[%clk 0:01:49]} 54. Ra8+ {[%clk 0:01:26]} Kh7 {[%clk 0:01:57]} 55. Rb8
{[%clk 0:01:31]} Rb7 {[%clk 0:01:59]} 56. Rc8 {[%clk 0:01:19]} Rf7
{[%clk 0:01:53]} 57. Rc6 {[%clk 0:01:25]} f4 {[%clk 0:01:57]} 0-1

[Event "Rapid 2018"]
[Site "Saint-Petersburg"]
[Date "2018.12.28"]
[Round "12"]
[Board "89"]
[White "Sokolov Andrei (LAT)"]
[Black "Shubin Kirill (RUS)"]
[Result "0-1"]
[BlackElo "2242"]
[WhiteElo "2482"]
[LiveChessVersion "1.4.8"]

1. g3 {[%clk 0:15:19]} e5 {[%clk 0:15:08]} 2. c4 {[%clk 0:15:21]} Nc6
{[%clk 0:15:17]} 3. Bg2 {[%clk 0:15:30]} g6 {[%clk 0:15:26]} 4. Nc3
{[%clk 0:15:34]} Bg7 {[%clk 0:15:34]} 5. e3 {[%clk 0:15:41]} Nge7
{[%clk 0:15:42]} 6. Nge2 {[%clk 0:15:50]} d6 {[%clk 0:15:51]} 7. d3
{[%clk 0:15:06]} O-O {[%clk 0:15:57]} 8. O-O {[%clk 0:15:09]} Be6
{[%clk 0:16:05]} 9. a3 {[%clk 0:14:57]} f5 {[%clk 0:15:51]} 10. b4
{[%clk 0:14:59]} Qd7 {[%clk 0:15:43]} 11. Bb2 {[%clk 0:14:16]} Rae8
{[%clk 0:13:51]} 12. Nd5 {[%clk 0:13:52]} Nd8 {[%clk 0:13:32]} 13. Qd2
{[%clk 0:13:44]} c6 {[%clk 0:13:18]} 14. Ndc3 {[%clk 0:13:53]} g5
{[%clk 0:12:56]} 15. f4 {[%clk 0:13:57]} h6 {[%clk 0:13:05]} 16. Nd1
{[%clk 0:12:25]} Ng6 {[%clk 0:12:55]} 17. Nf2 {[%clk 0:12:21]} exf4
{[%clk 0:09:30]} 18. exf4 {[%clk 0:12:30]} Bxb2 {[%clk 0:09:03]} 19. Qxb2
{[%clk 0:12:39]} Qg7 {[%clk 0:09:04]} 20. Qxg7+ {[%clk 0:11:12]} Kxg7
{[%clk 0:09:12]} 21. Rae1 {[%clk 0:10:39]} Bd7 {[%clk 0:08:51]} 22. fxg5
{[%clk 0:09:12]} hxg5 {[%clk 0:08:57]} 23. Nd4 {[%clk 0:09:17]} Ne5
{[%clk 0:07:56]} 24. c5 {[%clk 0:08:13]} dxc5 {[%clk 0:07:45]} 25. bxc5
{[%clk 0:08:22]} Ndf7 {[%clk 0:07:49]} 26. Nf3 {[%clk 0:07:19]} Nxf3+
{[%clk 0:07:34]} 27. Bxf3 {[%clk 0:07:28]} Bc8 {[%clk 0:07:23]} 28. Bh5
{[%clk 0:06:11]} Rxe1 {[%clk 0:06:48]} 29. Rxe1 {[%clk 0:06:17]} Kf6
{[%clk 0:06:54]} 30. Bxf7 {[%clk 0:03:53]} Kxf7 {[%clk 0:06:38]} 31. Kf1
{[%clk 0:03:38]} Rd8 {[%clk 0:06:28]} 32. Ke2 {[%clk 0:03:14]} Rd4
{[%clk 0:05:22]} 33. Kd2 {[%clk 0:03:16]} Ra4 {[%clk 0:05:23]} 34. Ra1
{[%clk 0:03:23]} b6 {[%clk 0:03:58]} 35. cxb6 {[%clk 0:03:04]} axb6
{[%clk 0:04:08]} 36. Kc3 {[%clk 0:03:12]} c5 {[%clk 0:04:10]} 37. Kb3
{[%clk 0:02:59]} b5 {[%clk 0:03:23]} 38. Rc1 {[%clk 0:02:15]} Be6+
{[%clk 0:03:32]} 39. Kb2 {[%clk 0:02:25]} b4 {[%clk 0:03:40]} 40. Ra1
{[%clk 0:02:08]} Kf6 {[%clk 0:02:06]} 41. axb4 {[%clk 0:01:55]} Rxa1
{[%clk 0:02:15]} 42. Kxa1 {[%clk 0:02:04]} cxb4 43. d4 Bc4 {[%clk 0:02:23]} 44.
h4 {[%clk 0:01:20]} g4 {[%clk 0:01:23]} 45. Kb2 {[%clk 0:01:11]} Kg6
{[%clk 0:00:50]} 46. d5 {[%clk 0:00:58]} Bxd5 47. Nd3 Bf7 {[%clk 0:00:44]} 48.
Nxb4 {[%clk 0:00:26]} f4 {[%clk 0:00:51]} 49. Nd3 {[%clk 0:00:20]} fxg3
{[%clk 0:00:47]} 50. Kc1 {[%clk 0:00:29]} Kf5 {[%clk 0:00:43]} 51. Kd2
{[%clk 0:00:33]} g2 {[%clk 0:00:49]} 0-1

[Event "Rapid 2018"]
[Site "Saint-Petersburg"]
[Date "2018.12.28"]
[Round "12"]
[Board "90"]
[White "Maghsoodloo Parham (IRI)"]
[Black "Gurvich Vitaly (RUS)"]
[Result "1-0"]
[BlackElo "2255"]
[WhiteElo "2463"]
[LiveChessVersion "1.4.8"]

1. d4 {[%clk 0:15:18]} Nf6 {[%clk 0:15:18]} 2. Nf3 {[%clk 0:15:26]} e6
{[%clk 0:15:21]} 3. Bf4 {[%clk 0:15:33]} d5 {[%clk 0:14:51]} 4. e3
{[%clk 0:15:40]} Bd6 {[%clk 0:14:58]} 5. Nbd2 {[%clk 0:15:46]} Bxf4
{[%clk 0:14:18]} 6. exf4 {[%clk 0:15:55]} c5 {[%clk 0:14:12]} 7. c3
{[%clk 0:15:48]} Qc7 {[%clk 0:13:42]} 8. g3 {[%clk 0:15:55]} b6 {[%clk 0:13:29]}
9. Bb5+ {[%clk 0:16:02]} Bd7 {[%clk 0:13:26]} 10. Bd3 {[%clk 0:16:09]} Nc6
{[%clk 0:13:03]} 11. Rc1 {[%clk 0:16:12]} O-O {[%clk 0:12:51]} 12. O-O
{[%clk 0:16:19]} Rac8 {[%clk 0:12:45]} 13. a3 {[%clk 0:16:22]} Qd6
{[%clk 0:12:24]} 14. Qe2 {[%clk 0:16:28]} cxd4 {[%clk 0:12:06]} 15. cxd4
{[%clk 0:16:36]} Ne7 {[%clk 0:11:08]} 16. Qe5 {[%clk 0:16:43]} Qb8
{[%clk 0:08:18]} 17. Qxb8 {[%clk 0:14:45]} Rxb8 {[%clk 0:08:27]} 18. Rc7
{[%clk 0:14:54]} a5 {[%clk 0:06:25]} 19. Ne5 {[%clk 0:15:03]} Rfd8
{[%clk 0:06:02]} 20. g4 {[%clk 0:15:07]} Rbc8 {[%clk 0:04:54]} 21. Rb7
{[%clk 0:13:15]} Nc6 {[%clk 0:04:41]} 22. g5 {[%clk 0:13:22]} Nxe5
{[%clk 0:04:33]} 23. fxe5 {[%clk 0:13:31]} Nh5 {[%clk 0:04:32]} 24. f4
{[%clk 0:13:28]} g6 {[%clk 0:04:17]} 25. Kg2 {[%clk 0:13:24]} Rb8
{[%clk 0:04:12]} 26. Rc7 {[%clk 0:13:28]} Rbc8 {[%clk 0:04:11]} 27. Rb7
{[%clk 0:13:30]} Rb8 {[%clk 0:04:20]} 28. Rxb8 {[%clk 0:13:34]} Rxb8
{[%clk 0:04:29]} 29. Kf3 {[%clk 0:13:42]} Rc8 {[%clk 0:04:26]} 30. Ke3
{[%clk 0:13:50]} Kf8 {[%clk 0:04:10]} 31. Nb1 {[%clk 0:13:48]} Ke7
{[%clk 0:03:58]} 32. Nc3 {[%clk 0:13:56]} Rc7 {[%clk 0:03:17]} 33. Kd2
{[%clk 0:13:33]} Rc8 {[%clk 0:03:12]} 34. Nd1 {[%clk 0:13:42]} Rc7
{[%clk 0:01:42]} 35. Ne3 {[%clk 0:13:48]} Rc8 {[%clk 0:01:48]} 36. Ng4
{[%clk 0:13:43]} Rc7 {[%clk 0:01:41]} 37. Nh6 {[%clk 0:12:41]} Kf8
{[%clk 0:01:30]} 38. Rf2 {[%clk 0:11:48]} Be8 {[%clk 0:01:02]} 39. Ng4
{[%clk 0:11:55]} Ke7 {[%clk 0:01:05]} 40. Ne3 {[%clk 0:11:38]} Bd7
{[%clk 0:00:55]} 41. Nd1 {[%clk 0:11:46]} Be8 {[%clk 0:00:56]} 42. Nc3
{[%clk 0:11:53]} Bd7 {[%clk 0:01:02]} 43. Rf1 {[%clk 0:12:01]} Rc8
{[%clk 0:01:04]} 44. Ne2 {[%clk 0:11:58]} Kf8 {[%clk 0:00:51]} 45. Rb1
{[%clk 0:11:56]} Ke7 {[%clk 0:00:49]} 46. Ra1 {[%clk 0:11:36]} Ra8
{[%clk 0:00:49]} 47. Ke3 {[%clk 0:11:36]} Ra7 {[%clk 0:00:43]} 48. Rc1
{[%clk 0:10:57]} Rb7 {[%clk 0:00:24]} 49. Ng3 {[%clk 0:09:55]} Nxg3
{[%clk 0:00:26]} 50. hxg3 {[%clk 0:10:05]} Kf8 {[%clk 0:00:28]} 51. g4
{[%clk 0:09:48]} Ra7 {[%clk 0:00:21]} 52. f5 {[%clk 0:09:41]} Rb7
{[%clk 0:00:23]} 53. Ba6 {[%clk 0:08:54]} Ra7 {[%clk 0:00:27]} 54. Bc8
{[%clk 0:09:01]} Ke7 {[%clk 0:00:14]} 55. Bxd7 {[%clk 0:09:05]} Kxd7
{[%clk 0:00:22]} 56. Rh1 {[%clk 0:09:14]} exf5 {[%clk 0:00:16]} 57. gxf5
{[%clk 0:09:23]} gxf5 {[%clk 0:00:12]} 58. Rxh7 {[%clk 0:09:31]} Ke6
{[%clk 0:00:14]} 59. g6 {[%clk 0:09:35]} Ra8 {[%clk 0:00:19]} 60. Rxf7
{[%clk 0:09:33]} Rh8 {[%clk 0:00:24]} 61. Rh7 {[%clk 0:09:24]} Rc8
{[%clk 0:00:25]} 62. g7 {[%clk 0:09:26]} Rg8 {[%clk 0:00:18]} 63. Kf4
{[%clk 0:09:32]} a4 {[%clk 0:00:22]} 64. Kg5 {[%clk 0:09:41]} Kf7
{[%clk 0:00:17]} 65. Kxf5 {[%clk 0:09:48]} b5 {[%clk 0:00:26]} 66. e6+
{[%clk 0:09:53]} Ke7 {[%clk 0:00:34]} 1-0

[Event "Rapid 2018"]
[Site "Saint-Petersburg"]
[Date "2018.12.28"]
[Round "12"]
[Board "91"]
[White "Borisenko Viacheslav (UKR)"]
[Black "Shinkevich Vitaly (RUS)"]
[Result "0-1"]
[BlackElo "2545"]
[WhiteElo "2367"]
[LiveChessVersion "1.4.8"]

1. e4 {[%clk 0:15:17]} c5 {[%clk 0:15:18]} 2. Nf3 {[%clk 0:15:20]} e6
{[%clk 0:15:23]} 3. c3 {[%clk 0:15:28]} Nf6 {[%clk 0:15:27]} 4. d3
{[%clk 0:15:37]} Nc6 {[%clk 0:15:31]} 5. Be2 {[%clk 0:15:45]} d6 {[%clk 0:15:02]}
6. O-O {[%clk 0:15:52]} g6 {[%clk 0:15:03]} 7. Re1 {[%clk 0:12:36]} Bg7
{[%clk 0:15:11]} 8. Bf1 {[%clk 0:12:42]} O-O {[%clk 0:15:15]} 9. d4
{[%clk 0:12:49]} cxd4 {[%clk 0:14:53]} 10. cxd4 {[%clk 0:12:55]} e5
{[%clk 0:14:22]} 11. d5 {[%clk 0:12:21]} Nd4 {[%clk 0:14:30]} 12. Nxd4
{[%clk 0:11:55]} exd4 {[%clk 0:14:39]} 13. Qxd4 {[%clk 0:11:53]} Ng4
{[%clk 0:13:58]} 14. Qd2 {[%clk 0:10:12]} f5 {[%clk 0:08:28]} 15. h3
{[%clk 0:09:54]} Ne5 {[%clk 0:07:55]} 16. f4 {[%clk 0:09:25]} Qb6+
{[%clk 0:07:58]} 17. Qf2 {[%clk 0:08:38]} Qxf2+ {[%clk 0:08:02]} 18. Kxf2
{[%clk 0:08:45]} fxe4 {[%clk 0:08:08]} 19. Rxe4 {[%clk 0:07:51]} Bf5
{[%clk 0:04:59]} 20. Re1 {[%clk 0:06:26]} Bd3 {[%clk 0:04:01]} 21. Rxe5
{[%clk 0:06:05]} Bxf1 {[%clk 0:03:43]} 22. Re6 {[%clk 0:05:35]} Bc4
{[%clk 0:03:03]} 23. Nc3 {[%clk 0:04:16]} b5 {[%clk 0:03:10]} 24. Rxd6
{[%clk 0:04:04]} Rae8 {[%clk 0:02:48]} 25. Be3 {[%clk 0:02:43]} b4
{[%clk 0:02:54]} 26. Na4 {[%clk 0:01:35]} g5 {[%clk 0:02:28]} 27. g3
{[%clk 0:01:24]} Be5 {[%clk 0:01:44]} 28. Re6 {[%clk 0:01:02]} Rxe6
{[%clk 0:01:45]} 29. dxe6 {[%clk 0:01:11]} Bxe6 {[%clk 0:01:54]} 30. Re1
{[%clk 0:00:50]} gxf4 {[%clk 0:01:34]} 31. gxf4 {[%clk 0:00:34]} Bxa2
{[%clk 0:00:54]} 32. Kg3 {[%clk 0:00:35]} Bf6 {[%clk 0:00:58]} 33. Nc5
{[%clk 0:00:38]} Rf7 {[%clk 0:00:52]} 34. Nd3 {[%clk 0:00:27]} Rg7+
{[%clk 0:00:59]} 35. Kh2 {[%clk 0:00:39]} Bd5 {[%clk 0:01:03]} 36. Rg1
{[%clk 0:00:45]} Rxg1 {[%clk 0:01:01]} 37. Kxg1 {[%clk 0:00:53]} a5
{[%clk 0:01:07]} 38. Bb6 {[%clk 0:00:47]} a4 {[%clk 0:01:01]} 39. Nxb4
{[%clk 0:00:27]} Be4 {[%clk 0:01:00]} 40. Na6 {[%clk 0:00:25]} Bxb2
{[%clk 0:01:07]} 41. Bc5 {[%clk 0:00:18]} a3 {[%clk 0:00:57]} 42. Nb4
{[%clk 0:00:27]} Bf5 {[%clk 0:00:48]} 43. Kg2 {[%clk 0:00:28]} Be6
{[%clk 0:00:50]} 44. Kg3 {[%clk 0:00:38]} Kf7 {[%clk 0:00:37]} 45. Be3
{[%clk 0:00:15]} Kg6 {[%clk 0:00:26]} 46. h4 {[%clk 0:00:22]} Kf5
{[%clk 0:00:26]} 47. Kf3 {[%clk 0:00:22]} a2 {[%clk 0:00:29]} 48. Nxa2
{[%clk 0:00:31]} Bxa2 {[%clk 0:00:37]} 49. Kg3 {[%clk 0:00:19]} h5
{[%clk 0:00:36]} 50. Kf3 {[%clk 0:00:23]} Bd5+ {[%clk 0:00:43]} 51. Kg3
{[%clk 0:00:31]} Bf6 {[%clk 0:00:41]} 52. Bd2 {[%clk 0:00:37]} Bd4
{[%clk 0:00:40]} 53. Bc1 {[%clk 0:00:16]} Bc3 {[%clk 0:00:45]} 54. Be3
{[%clk 0:00:20]} Be1+ {[%clk 0:00:51]} 55. Kh3 {[%clk 0:00:28]} Ke4
{[%clk 0:00:58]} 56. Bc1 {[%clk 0:00:25]} Kf3 {[%clk 0:00:55]} 57. f5
{[%clk 0:00:32]} Bg3 {[%clk 0:00:56]} 0-1